Wong's Nursing Care of Infants and Children / (Record no. 16584)
[ view plain ]
| 000 -LEADER | |
|---|---|
| fixed length control field | 02633cam a22004454a 4500 |
| 001 - CONTROL NUMBER | |
| control field | 16301793 |
| 005 - DATE AND TIME OF LATEST TRANSACTION | |
| control field | 20110423162414.0 |
| 008 - FIXED-LENGTH DATA ELEMENTS--GENERAL INFORMATION | |
| fixed length control field | 100618s2011 moua b 001 0 eng |
| 010 ## - LIBRARY OF CONGRESS CONTROL NUMBER | |
| LC control number | 2010026203 |
| 016 7# - NATIONAL BIBLIOGRAPHIC AGENCY CONTROL NUMBER | |
| Record control number | 101533727 |
| Source | DNLM |
| 020 ## - INTERNATIONAL STANDARD BOOK NUMBER | |
| International Standard Book Number | 0323069126 (hc : alk. paper) |
| 020 ## - INTERNATIONAL STANDARD BOOK NUMBER | |
| International Standard Book Number | 9780323069120 (hc : alk. paper) |
| 035 ## - SYSTEM CONTROL NUMBER | |
| System control number | (OCoLC)ocn644149977 |
| 040 ## - CATALOGING SOURCE | |
| Original cataloging agency | DNLM/DLC |
| Transcribing agency | DLC |
| Modifying agency | YDX |
| -- | NLM |
| -- | YDXCP |
| -- | DND |
| -- | CDX |
| -- | GZW |
| -- | DLC |
| 042 ## - AUTHENTICATION CODE | |
| Authentication code | pcc |
| 050 00 - LIBRARY OF CONGRESS CALL NUMBER | |
| Classification number | RJ245 |
| Item number | .W47 2011 |
| 060 00 - NATIONAL LIBRARY OF MEDICINE CALL NUMBER | |
| Classification number | 2010 M-172 |
| 060 10 - NATIONAL LIBRARY OF MEDICINE CALL NUMBER | |
| Classification number | WY 159 W87288 2011 |
| 082 00 - DEWEY DECIMAL CLASSIFICATION NUMBER | |
| Classification number | 618.9200231 |
| Edition number | 22 |
| Item number | WON |
| 245 00 - TITLE STATEMENT | |
| Title | Wong's Nursing Care of Infants and Children / |
| Statement of responsibility, etc | [edited by] Marilyn J. Hockenberry, David Wilson. |
| 246 13 - VARYING FORM OF TITLE | |
| Title proper/short title | Nursing care of infants and children |
| 250 ## - EDITION STATEMENT | |
| Edition statement | 9th ed. |
| 260 ## - PUBLICATION, DISTRIBUTION, ETC. (IMPRINT) | |
| Place of publication, distribution, etc | St. Louis, Mo. : |
| Name of publisher, distributor, etc | Mosby/Elsevier, |
| Date of publication, distribution, etc | c2011. |
| 300 ## - PHYSICAL DESCRIPTION | |
| Extent | xxix, 1809 p. : |
| Other physical details | ill. (chiefly col.) ; |
| Dimensions | 29 cm. |
| 504 ## - BIBLIOGRAPHY, ETC. NOTE | |
| Bibliography, etc | Includes bibliographical references and index. |
| 505 0# - FORMATTED CONTENTS NOTE | |
| Formatted contents note | Children, their families, and the nurse -- Assessment of the child and family -- Family-centered care of the newborn -- Family-centered care of the infant -- Family-centered care of the young child -- Family-centered care of the school-age child -- Family-centered care of the adolescent -- Family-centered care of the child with special needs -- The child who is hospitalized -- The child with disturbance of fluid and electrolytes -- The child with problems related to the transfer of oxygen and nutrients -- The child with problems related to production and circulation of blood -- The child with disturbance of regulatory mechanisms -- The child with a problem that interferes with physical mobility. |
| 650 #0 - SUBJECT ADDED ENTRY--TOPICAL TERM | |
| Topical term or geographic name as entry element | Pediatric nursing. |
| 9 (RLIN) | 29383 |
| 650 12 - SUBJECT ADDED ENTRY--TOPICAL TERM | |
| Topical term or geographic name as entry element | Pediatric Nursing. |
| 9 (RLIN) | 29384 |
| 650 22 - SUBJECT ADDED ENTRY--TOPICAL TERM | |
| Topical term or geographic name as entry element | Child Care. |
| 9 (RLIN) | 29385 |
| 650 22 - SUBJECT ADDED ENTRY--TOPICAL TERM | |
| Topical term or geographic name as entry element | Infant Care. |
| 9 (RLIN) | 29386 |
| 653 ## - INDEX TERM--UNCONTROLLED | |
| Resource For college | |
| Arrived date list | March2012 |
| 700 1# - ADDED ENTRY--PERSONAL NAME | |
| Personal name | Wong, Donna L., |
| Dates associated with a name | 1948-2008. |
| 9 (RLIN) | 29387 |
| 700 1# - ADDED ENTRY--PERSONAL NAME | |
| Personal name | Hockenberry, Marilyn J. |
| 9 (RLIN) | 29388 |
| 700 1# - ADDED ENTRY--PERSONAL NAME | |
| Personal name | Wilson, David, |
| Dates associated with a name | 1950 Aug. 25- |
| 9 (RLIN) | 29389 |
| 856 ## - ELECTRONIC LOCATION AND ACCESS | |
| Materials specified | To access your student resources, visit |
| Uniform Resource Identifier | <a href="http://evolve.elsevier.com/wong/ncic/">http://evolve.elsevier.com/wong/ncic/</a> |
| 942 ## - ADDED ENTRY ELEMENTS (KOHA) | |
| Source of classification or shelving scheme | Dewey Decimal Classification |
| Item type | |
| Withdrawn status | Item status | Source of classification or shelving scheme | Damaged status | Not for loan | Vendor | Home library | Current library | Shelving location | Date acquired | Source of acquisition | Cost, normal purchase price | Serial Enumeration / chronology | Total Checkouts | Full call number | Barcode | Date last seen | Date last borrowed | Koha item type | Total Renewals | Checked out |
|---|---|---|---|---|---|---|---|---|---|---|---|---|---|---|---|---|---|---|---|---|
| Dewey Decimal Classification | Baccah | Central Library | Central Library | First floor | 15/03/2012 | 671.00 | 14577/ 2012 | 3 | 618.9200231 WON | 000025930 | 15/07/2025 | 09/05/2012 | NB - Book (Non borrowing) | |||||||
| Dewey Decimal Classification | Baccah | Central Library | Central Library | First floor | 15/03/2012 | 671.00 | 14577/ 2012 | 8 | 618.9200231 WON | 000025929 | 16/12/2017 | 16/12/2017 | Book - Borrowing | 48 | 18/09/2022 |